Windows - Statystyki

Ogólne statystyki
  • Ten quiz został rozwiązany 115 razy
  • Średni wynik to 10 z 21
Statystyki odpowiedzi
Rok Nazwa % Poprawnych
2015 10
98%
2021 11
95%
2012 8
94%
2009 7
93%
2001 XP
91%
1998 98
84%
1995 95
80%
2007 Vista
80%
2000 2000
65%
2013 8.1
53%
2000 ME
40%
1990 3.0
25%
1996 NT 4.0
18%
1993 NT 3.1
13%
1985 1.01
11%
1993 3.2
10%
1994 NT 3.5
8%
1987 2.03
6%
1989 2.11
6%
1988 2.10
4%
1995 NT 3.51
1%
Nie znaleziono quizów pasujących do podanych kryteriów
Rozkład punktacji
Procent ludzi z każdym wynikiem
Percentyl według liczby udzielonych odpowiedzi
Twoja historia wyników
Nie rozwiązałeś tego quizu